SCORECARD SOLUTION MEASURE WHAT MATTERS (Record no. 32782)

MARC details
000 -LEADER
fixed length control field 00353nam a2200133Ia 4500
008 - FIXED-LENGTH DATA ELEMENTS--GENERAL INFORMATION
fixed length control field 240624s9999 xx 000 0 und d
041 ## - LANGUAGE CODE
Language code of text/sound track or separate title eng
082 ## - DEWEY DECIMAL CLASSIFICATION NUMBER
Classification number 658.4 KIN
100 ## - MAIN ENTRY--PERSONAL NAME
Personal name KING E DAN
245 ## - TITLE STATEMENT
Title SCORECARD SOLUTION MEASURE WHAT MATTERS
260 ## - PUBLICATION, DISTRIBUTION, ETC.
Date of publication, distribution, etc. 2015
Place of publication, distribution, etc. New York
Name of publisher, distributor, etc. AMERICAN MANAGEMENT ASSOCIATION
300 ## - PHYSICAL DESCRIPTION
Extent 277p. ;23cm.
365 ## - TRADE PRICE
Currency code
Price amount 33
Holdings
Withdrawn status Lost status Damaged status Not for loan Home library Current library Shelving location Date acquired Full call number Barcode Date last seen Copy number Price effective from Koha item type
        IMTN IMTN Rack 28-A 01/07/2022 658.4 KIN 32782 06/24/2024 78.2 06/24/2024 Books
Designed & Maintained by: LRC IMT Nagpur Contact: lrc@imtnag.ac.in© 2024. All Rights Reserved.